Divadlo nám zahrajú umelci z Nitry v kasárňach zahrajú Princa Baju

Bibliographic Details
Format: Article
Language:Slovak
Subjects:
Source: 1. Košický večer. Korzár 1. Roč. XX, č. 33 (2010), s. 4 1. 1336-5320
LEADER 00743nab#a2200277#ar4500
001 000108044
003 SVKKK
005 20120502121552.0
008 120502c2010 xo |||||||||||||||b|slo
FMT
038 |a SVKKK 
040 |a SVKKK  |b slo  |e AACR2 
041 0 |a slo 
044 |a xo  |c SK 
080 |a 792  |2 1997 
245 1 0 |a Divadlo nám zahrajú umelci z Nitry  |b v kasárňach zahrajú Princa Baju  |c [autor] rob 
300 |b Obr. 
610 2 4 |a kasárne Kulturpark (Košice, Slovensko) 
650 0 4 |a divadlo  |z Košice (Slovensko) 
651 4 |a Košice (Slovensko)  |x divadlo 
773 0 |t Košický večer. Korzár  |g Roč. XX, č. 33 (2010), s. 4  |x 1336-5320 
974 |a Va 
992 |a RBX 
BAS
852 |a SVKKK  |b BIB 
998 |a REG